01150nam a2200229Ia 45000010006000000050017000060080041000230350023000640400041000870200015001280200018001430350020001611000028001812450051002092600049002603000027003095040064003365050395004006500021007956500056008166500048008725235320230411090007.0060208s2004 nyu b 001 0 eng d a(OCoLC)ocm63670387 aAWCcAWCdBAKERdYDXCPdBTCTAdDRFGD a0195154037 a9780195154030 a(OCoLC)636703871 aRenteln, Alison Dundes.04aThe cultural defense /cAlison Dundes Renteln. aNew York :bOxford University Press,cc2004. aviii, 404 p. ;c24 cm. aIncludes bibliographical references (p. 321-390) and index.0 aPt.I. Law and culture -- Ch.1. Introduction -- Ch.2. Why culture matters for justice -- Pt.II. Culture conflicts in the courtroom -- Ch.3. Homicide -- Ch.4. Children -- Ch.5. Drugs -- Ch.6. Animals -- Ch.7. Marriage -- Ch.8. Attire -- Ch.9. The dead -- Pt.III. Toward a principle of maximum accommodation -- Ch.10. The cultural defense in theory and practice -- Ch.11. The right to culture. 0aCulture and law. 0aDefense (Criminal procedure)xSociological aspects. 0aActions and defensesxSociological aspects.